000 00518nam a22001817a 4500
003 CEME
005 20210628203141.0
008 210223b xxu||||| |||| 00| 0 eng d
020 _a81-7656-691-8
040 _c.
082 _a005.7565 BAY
100 _aBayross, Ivan
_963642
245 _aTeach yourself sql and pl/sql using oracle 8i and 9i with sqlj
260 _aNEW DELHI
_bBPB PUBLICATION
_c2003
300 _aXIV,918
650 _aSQL AND PL/SQL USING ORACLE 8I AND 9I WITH SQL J
_963643
942 _cBK
_2ddc
999 _c572396
_d572396